Bài tập hình học 11 nâng cao

Bài tập Hình học 11 bao gồm các bài về: phép dời hình và phép đồng dạng trong mặt phẳng, đường thẳng và mặt phẳng trong không gian và quan hệ song song, vectơ trong không gian quan hệ vuông góc trong không gian....

Full beskrivning

Sparad:
Bibliografiska uppgifter
Huvudupphovsman: Văn, Như Cương
Materialtyp: Bok
Språk:Undetermined
Publicerad: Hà Nội Giáo dục 2012
Ämnen:
Taggar: Lägg till en tagg
Inga taggar, Lägg till första taggen!
Thư viện lưu trữ: Trung tâm Học liệu Trường Đại học Cần Thơ
LEADER 00946nam a2200217Ia 4500
001 CTU_185265
008 210402s9999 xx 000 0 und d
020 |c 13400 
082 |a 516.0076 
082 |b C561 
100 |a Văn, Như Cương 
245 0 |a Bài tập hình học 11 nâng cao 
245 0 |c Văn Như Cương chủ biên, Phạm Khắc Ban, Tạ Mân 
260 |a Hà Nội 
260 |b Giáo dục 
260 |c 2012 
520 |a Bài tập Hình học 11 bao gồm các bài về: phép dời hình và phép đồng dạng trong mặt phẳng, đường thẳng và mặt phẳng trong không gian và quan hệ song song, vectơ trong không gian quan hệ vuông góc trong không gian. 
650 |a Geometry 
650 |x Study and teaching (Secondary),Problems, exercises 
904 |i Hải 
980 |a Trung tâm Học liệu Trường Đại học Cần Thơ